[Event "15th European Team Championshi"]
[Site "?"]
[Date "2005.08.07"]
[Round "9.8"]
[White "Houska, Jovanka"]
[Black "Muzychuk, Anna"]
[Result "1/2-1/2"]
[WhiteElo "2342"]
[BlackElo "2364"]
[PlyCount "71"]
[EventDate "2005.07.30"]

1. e4 d5 2. exd5 Nf6 3. Nf3 Nxd5 4. d4 g6 5. c4 Nb6 6. Nc3 Bg7 7. c5 Nd5 8. Bc4
c6 9. O-O O-O 10. Re1 Be6 11. Qb3 b6 12. Bg5 h6 13. Bh4 g5 14. Bg3 bxc5 15.
dxc5 Nd7 16. Rad1 Nxc3 17. bxc3 Bg4 18. h3 Bxf3 19. gxf3 e5 20. Qc2 Qe7 21. Qf5
Qxc5 22. Bd3 Rfd8 23. h4 Qe7 24. hxg5 Qxg5 25. Qh7+ Kf8 26. Qe4 Nc5 27. Qxc6
Rac8 28. Qb5 Nxd3 29. Rxd3 Rxd3 30. Qxd3 h5 31. Kh1 Qg6 32. Qd7 Qc6 33. Qxc6
Rxc6 34. Bxe5 Bxe5 35. Rxe5 Rxc3 36. Ra5 1/2-1/2

[Event "15th European Team Championshi"]
[Site "?"]
[Date "2005.08.07"]
[Round "9.9"]
[White "Klinova, Masha"]
[Black "Calzetta, Monica"]
[Result "1/2-1/2"]
[WhiteElo "2384"]
[BlackElo "2282"]
[PlyCount "70"]
[EventDate "2005.07.30"]

1. e4 c5 2. Nf3 d6 3. Bb5+ Nd7 4. O-O Ngf6 5. Re1 e5 6. c3 Be7 7. d4 O-O 8. a4
Qc7 9. Na3 a6 10. Bf1 Rd8 11. h3 cxd4 12. cxd4 exd4 13. Bf4 Nc5 14. Rc1 Qa5 15.
Nc4 Qxa4 16. Nb6 Qxd1 17. Rcxd1 Rb8 18. e5 Nfd7 19. exd6 Bf8 20. Nxc8 Rbxc8 21.
Nxd4 g6 22. g3 Nf6 23. Nf3 Nh5 24. Be5 Rc6 25. g4 Ng7 26. Bg2 Nd7 27. Bg3 Rb6
28. Re2 Ne6 29. Ne5 Nxe5 30. Bxe5 Bxd6 31. Bxd6 Rbxd6 32. Rxd6 Rxd6 33. Bxb7
Nf4 34. Re3 Rb6 35. Bc8 Rxb2 1/2-1/2

[Event "15th European Team Championshi"]
[Site "?"]
[Date "2005.08.07"]
[Round "9.9"]
[White "Igla, Bella"]
[Black "Trujillo Delgado, Dafnae"]
[Result "1-0"]
[WhiteElo "2299"]
[BlackElo "2219"]
[PlyCount "169"]
[EventDate "2005.07.30"]

1. d4 Nf6 2. c4 c5 3. d5 b5 4. cxb5 a6 5. b6 d6 6. Nc3 Qxb6 7. Nf3 g6 8. Nd2
Bg7 9. e4 Nbd7 10. Nc4 Qc7 11. a4 Nb6 12. a5 Nxc4 13. Bxc4 O-O 14. O-O Bd7 15.
Qe2 Rfb8 16. h3 Ne8 17. f4 Bd4+ 18. Kh1 Qc8 19. Ra2 Rb4 20. Rf3 Nc7 21. e5 Bb5
22. Bxb5 axb5 23. Bd2 Qf5 24. exd6 exd6 25. Qd3 Qxd3 26. Rxd3 Rb3 27. Rf3 b4
28. Ne4 Rxb2 29. Rxb2 Bxb2 30. Nxd6 Nxd5 31. Nc4 Bc3 32. Bxc3 bxc3 33. Rf1 c2
34. Rc1 Nb4 35. Kh2 Kg7 36. Ne3 Rxa5 37. Nxc2 Nd3 38. Rf1 Ra2 39. Ne3 Re2 40.
Rf3 Nxf4 41. Nf5+ gxf5 42. Rxf4 Kf6 43. Rc4 Re5 44. Kg3 Rd5 45. Rc2 Ke5 46. Kf3
Kd4 47. Ra2 c4 48. Ke2 Re5+ 49. Kd1 c3 50. Ra7 h5 51. Rxf7 Ke3 52. Kc2 Rc5 53.
Rg7 f4 54. Rg8 Kf2 55. Rg7 Kf1 56. Rg8 Ra5 57. Kxc3 Ra2 58. Kd4 Rxg2 59. Rf8
Rf2 60. Ke4 Re2+ 61. Kf3 Rf2+ 62. Ke4 Kg2 63. Rxf4 Re2+ 64. Kd3 Re5 65. h4 Kh3
66. Ra4 Re8 67. Kd2 Re7 68. Rb4 Kg3 69. Ra4 Rb7 70. Ke2 Rf7 71. Rb4 Rf2+ 72.
Ke3 Rg2 73. Ra4 Kh3 74. Kf3 Rg4 75. Ra5 Kxh4 76. Rb5 Ra4 77. Rc5 Ra3+ 78. Kg2
Rg3+ 79. Kh2 Rg4 80. Ra5 Rb4 81. Kg2 Kg4 82. Ra8 Rb2+ 83. Kg1 Rb3 84. Kg2 Rg3+
85. Kf2 1-0

[Event "15th European Team Championshi"]
[Site "?"]
[Date "2005.08.07"]
[Round "9.9"]
[White "Hernandez, Yudania"]
[Black "Borsuk, Angela"]
[Result "0-1"]
[WhiteElo "2234"]
[BlackElo "2342"]
[PlyCount "70"]
[EventDate "2005.07.30"]

1. e4 d6 2. d4 Nf6 3. Nc3 g6 4. Be3 a6 5. Qd2 b5 6. f3 Nbd7 7. a4 b4 8. Nd1 Rb8
9. a5 Bg7 10. Bc4 O-O 11. Ne2 c5 12. dxc5 Qc7 13. Ra4 dxc5 14. Bf4 Ne5 15. Ne3
Bb7 16. O-O Rbd8 17. Qc1 Nh5 18. Bg5 h6 19. Bh4 Bc6 20. Ra2 Nxc4 21. Nxc4 Bb5
22. b3 Bxc4 23. bxc4 Qd6 24. c3 g5 25. Bf2 Be5 26. h3 Qd3 27. cxb4 cxb4 28. Qc2
b3 29. Qxd3 Rxd3 30. Ra4 Rd2 31. Nc1 Rb8 32. Bb6 b2 33. Nb3 Re2 34. c5 Nf4 35.
Ra2 Rxg2+ 0-1

[Event "15th European Team Championshi"]
[Site "?"]
[Date "2005.08.07"]
[Round "9.10"]
[White "Skripchenko, Almira"]
[Black "Lematschko, Tatjana"]
[Result "1-0"]
[WhiteElo "2437"]
[BlackElo "2205"]
[PlyCount "119"]
[EventDate "2005.07.30"]

1. e4 c6 2. d4 d5 3. Nc3 dxe4 4. Nxe4 Nd7 5. Nf3 Ndf6 6. Ng3 Bg4 7. c3 e6 8. h3
Bxf3 9. Qxf3 Qd5 10. Qe3 g6 11. Bd2 Bh6 12. f4 Qd6 13. Ne2 Bg7 14. g4 h5 15.
Rg1 hxg4 16. hxg4 O-O-O 17. c4 Ne7 18. Bc3 Rh4 19. Qf3 Rdh8 20. a4 Neg8 21.
O-O-O Ne8 22. a5 Ne7 23. Be1 R4h7 24. Nc3 f5 25. g5 Nc7 26. Ne2 Rd8 27. Qb3 Na6
28. Bg2 Kb8 29. Bc3 Ka8 30. Kb1 Qc7 31. Qa4 Rh4 32. Rgf1 Rh2 33. Bf3 Nc8 34.
Qb3 Bf8 35. Rd2 Be7 36. Rdd1 Rh7 37. Rde1 Bf8 38. Rh1 Re7 39. Rd1 Ree8 40. Qa4
Bd6 41. Bd2 Qe7 42. c5 Bb8 43. b4 Qd7 44. Kc2 Nc7 45. a6 Nxa6 46. Be3 Rh8 47.
b5 cxb5 48. Qxa6 Ne7 49. Nc3 Nc6 50. Qxb5 Rxh1 51. Bxh1 Ne7 52. Qxd7 Rxd7 53.
Bf3 Bc7 54. Rh1 a6 55. Rh7 Bd8 56. Na4 Kb8 57. Kb3 Kc8 58. Rh8 Kc7 59. Nb6 Nd5
60. Bxd5 1-0

[Event "15th European Team Championshi"]
[Site "?"]
[Date "2005.08.07"]
[Round "9.10"]
[White "Roelli, Corinne"]
[Black "Muller, Anne"]
[Result "0-1"]
[WhiteElo "2001"]
[BlackElo "2169"]
[PlyCount "76"]
[EventDate "2005.07.30"]

1. d4 Nf6 2. c4 e6 3. Nc3 Bb4 4. Qc2 Nc6 5. Nf3 d6 6. Bd2 O-O 7. a3 Bxc3 8.
Bxc3 Re8 9. e3 a5 10. b3 e5 11. d5 Ne7 12. e4 Ng6 13. Bd3 Nh5 14. Nd2 Nhf4 15.
g3 Nh3 16. Rf1 Bg4 17. f3 Bd7 18. O-O-O c6 19. Rde1 Rf8 20. f4 exf4 21. e5 dxe5
22. Bxe5 cxd5 23. gxf4 dxc4 24. bxc4 Qh4 25. Nf3 Qh6 26. Kb1 Nhxf4 27. Bf5 Bxf5
28. Qxf5 Qh5 29. Ng5 Ne6 30. h4 Nxe5 31. Qxe5 Qg6+ 32. Ka1 Nxg5 33. hxg5 Ra6
34. Qc7 Qd6 35. Qxb7 Qxa3+ 36. Kb1 Qd3+ 37. Ka1 Qd4+ 38. Ka2 Qxc4+ 0-1

[Event "15th European Team Championshi"]
[Site "?"]
[Date "2005.08.07"]
[Round "9.10"]
[White "Lallemand, Roza"]
[Black "Wilson, Alexandra"]
[Result "1-0"]
[WhiteElo "2287"]
[BlackElo "2056"]
[PlyCount "75"]
[EventDate "2005.07.30"]

1. e4 e6 2. d4 d5 3. Nc3 Nf6 4. Bg5 Be7 5. e5 Nfd7 6. Bxe7 Qxe7 7. Qd2 O-O 8.
f4 c5 9. Nf3 Nc6 10. O-O-O a6 11. dxc5 Nxc5 12. Bd3 b5 13. h4 b4 14. Ne2 b3 15.
a3 bxc2 16. Bxc2 Rb8 17. Nfd4 Bd7 18. Rh3 Nxd4 19. Nxd4 Ba4 20. Kb1 Rb6 21. Ka2
Ne4 22. Qe2 Bxc2 23. Qxc2 f6 24. exf6 Qxf6 25. Qc7 Rfb8 26. Rb3 Rxb3 27. Nxb3
Rf8 28. Qc6 Qe7 29. Nd4 Rxf4 30. Nxe6 Rf6 31. Qc8+ Kf7 32. Nd8+ Kg6 33. Rxd5 h5
34. Qc2 Rf2 35. Qd3 Rd2 36. Qxa6+ Kh7 37. Rxh5+ Kg8 38. Qc4+ 1-0

[Event "15th European Team Championshi"]
[Site "?"]
[Date "2005.08.07"]
[Round "9.11"]
[White "Thorsteinsdottir, Gudlaug"]
[Black "Agrest, Svetlana"]
[Result "0-1"]
[WhiteElo "2132"]
[BlackElo "2270"]
[PlyCount "90"]
[EventDate "2005.07.30"]

1. d4 d6 2. g3 f5 3. Bg2 g6 4. Nf3 Nf6 5. c4 Bg7 6. O-O O-O 7. Nc3 Nc6 8. d5
Ne5 9. Nxe5 dxe5 10. c5 e4 11. Qb3 e5 12. dxe6 Qe7 13. Rd1 Qxe6 14. Bf4 c6 15.
f3 exf3 16. Qxe6+ Bxe6 17. Bxf3 Rfe8 18. Rac1 a5 19. b3 Nd7 20. Na4 Ne5 21. Nb6
Rad8 22. Bg5 Rxd1+ 23. Rxd1 h6 24. Bf4 g5 25. Bxe5 Bxe5 26. Kf2 Bc3 27. e3 Bf6
28. Be2 Be7 29. Na4 g4 30. Rd4 Bg5 31. Rd3 Kg7 32. Nb6 h5 33. Nc4 Bxc4 34. bxc4
Re7 35. h4 gxh3 36. Bxh5 Kf6 37. Bf3 h2 38. Bh1 Kf7 39. a4 Ke8 40. Bg2 Rh7 41.
Bh1 Be7 42. Kf3 Bxc5 43. Kf4 Rh5 44. Rd1 Ke7 45. Bf3 Bd6+ 0-1

[Event "15th European Team Championshi"]
[Site "?"]
[Date "2005.08.07"]
[Round "9.11"]
[White "Johansson, Victoria"]
[Black "Gretarsdottir, Lilja"]
[Result "1-0"]
[WhiteElo "2218"]
[BlackElo "2046"]
[PlyCount "63"]
[EventDate "2005.07.30"]

1. d4 d5 2. c4 c6 3. Nf3 Nf6 4. Nc3 dxc4 5. a4 Bf5 6. Ne5 Nbd7 7. Nxc4 Qc7 8.
g3 e5 9. dxe5 Nxe5 10. Bf4 Nfd7 11. Bg2 g5 12. Bxe5 Nxe5 13. Nxe5 Qxe5 14. Qb3
Bg7 15. O-O Rb8 16. a5 O-O 17. Qa4 Rfd8 18. Rad1 Qc5 19. Rc1 Rd4 20. Qa1 Rbd8
21. e4 Be6 22. a6 bxa6 23. Nd5 Qd6 24. Rxc6 Qb8 25. Rxa6 Bxd5 26. exd5 Rd2 27.
Qc1 Rxb2 28. Qxg5 Rd6 29. Rxd6 Qxd6 30. Rc1 h6 31. Rc8+ Kh7 32. Be4+ 1-0

[Event "15th European Team Championshi"]
[Site "?"]
[Date "2005.08.07"]
[Round "9.11"]
[White "Fridthjofsdottir, Sigurl  Regin"]
[Black "Pavlovskaia, Evgenia"]
[Result "0-1"]
[WhiteElo "1963"]
[BlackElo "2174"]
[PlyCount "118"]
[EventDate "2005.07.30"]

1. e4 c5 2. c3 g6 3. d4 cxd4 4. cxd4 d5 5. e5 Bg7 6. Nf3 Nc6 7. Nc3 f6 8. Bb5
Be6 9. O-O Nh6 10. exf6 exf6 11. Qe2 Kf7 12. Be3 Qb6 13. Qd2 Nf5 14. Bf4 Qd8
15. Rfe1 Re8 16. Rac1 Nd6 17. Bh6 a6 18. Bxc6 bxc6 19. Bxg7 Kxg7 20. Na4 Ne4
21. Qc2 Rc8 22. Nc5 Nxc5 23. Qxc5 Rc7 24. Re3 Bf7 25. Rxe8 Bxe8 26. h3 Kf7 27.
Nd2 Qe7 28. Qxe7+ Rxe7 29. Kf1 Rb7 30. Nb3 a5 31. Rc2 a4 32. Nc5 Rb4 33. Rd2 g5
34. Ke2 Kf8 35. Ke3 Bg6 36. Nd3 Rc4 37. f4 h6 38. fxg5 hxg5 39. Nc5 Kf7 40. Rf2
a3 41. Nd3 axb2 42. Rxb2 Rc3 43. Rd2 Ra3 44. g4 Ke6 45. Rd1 Bxd3 46. Rxd3 Rxa2
47. Kf3 f5 48. gxf5+ Kxf5 49. Re3 Ra4 50. Rd3 Rc4 51. Ke3 Kg6 52. Kf3 Kh5 53.
Kg3 Rc2 54. Re3 Rd2 55. Re8 Rd3+ 56. Kg2 Rxd4 57. Rh8+ Kg6 58. Rg8+ Kf6 59.
Rf8+ Kg7 0-1

[Event "15th European Team Championshi"]
[Site "?"]
[Date "2005.08.07"]
[Round "9.11"]
[White "Cramling, Pia"]
[Black "Ptacnikova, Lenka"]
[Result "1-0"]
[WhiteElo "2494"]
[BlackElo "2204"]
[PlyCount "65"]
[EventDate "2005.07.30"]

1. d4 Nf6 2. Nf3 e6 3. g3 b5 4. Bg2 Bb7 5. O-O c5 6. Na3 Qb6 7. c4 b4 8. Nc2
Be7 9. dxc5 Bxc5 10. Nce1 O-O 11. Nd3 Be7 12. a3 bxa3 13. b4 Nc6 14. Bxa3 Nd4
15. Nxd4 Bxg2 16. Kxg2 Qxd4 17. Rc1 a5 18. Bb2 Qb6 19. b5 d5 20. Qa4 dxc4 21.
Rxc4 Rab8 22. Be5 Rb7 23. Rb1 Nd5 24. Rc6 Qd8 25. Qc4 Nb6 26. Qg4 Bf6 27. Bd6
Re8 28. Nc5 Ra7 29. Ne4 Nd7 30. b6 Qa8 31. bxa7 Qxc6 32. Qf3 Qa6 33. Rb7 1-0

[Event "15th European Team Championshi"]
[Site "?"]
[Date "2005.08.07"]
[Round "9.12"]
[White "Sargac, Rajna"]
[Black "Horn, Emilia"]
[Result "1-0"]
[WhiteElo "2242"]
[BlackElo "2041"]
[PlyCount "109"]
[EventDate "2005.07.30"]

1. Nf3 d5 2. b3 Bg4 3. Bb2 c6 4. g3 Bxf3 5. exf3 e6 6. Bg2 Nf6 7. O-O Be7 8. d4
O-O 9. c4 a5 10. a3 Nbd7 11. Nd2 a4 12. c5 axb3 13. Nxb3 b6 14. Qc2 bxc5 15.
dxc5 Ra4 16. Rfc1 e5 17. Bf1 Qc7 18. Bc3 Rfa8 19. Bb4 e4 20. f4 g6 21. Be2 Nf8
22. Nd4 N6d7 23. Qd2 Bf6 24. Bd1 R4a7 25. a4 Re8 26. a5 Ne6 27. Nxe6 fxe6 28.
Ra2 e5 29. a6 exf4 30. gxf4 Rea8 31. Be2 Nb8 32. Ba5 Qc8 33. Bc3 Bxc3 34. Rxc3
Nxa6 35. Rca3 Qd7 36. Rxa6 Rxa6 37. Rxa6 Rxa6 38. Bxa6 Qg4+ 39. Kf1 Qf3 40. Ke1
Qa3 41. Bc8 Qxc5 42. f5 d4 43. Qf4 Qc3+ 44. Kf1 Qd3+ 45. Kg2 gxf5 46. Be6+ Kf8
47. Qd6+ Kg7 48. Qe7+ Kh6 49. Qf6+ Kh5 50. Qxf5+ Kh6 51. Qf4+ Kg7 52. Qg5+ Kf8
53. Qf6+ Ke8 54. Qf7+ Kd8 55. Qd7# 1-0

[Event "15th European Team Championshi"]
[Site "?"]
[Date "2005.08.07"]
[Round "9.12"]
[White "Jiretorn, Eva"]
[Black "Medic, Mirjana"]
[Result "1-0"]
[WhiteElo "2134"]
[BlackElo "2268"]
[PlyCount "99"]
[EventDate "2005.07.30"]

1. d4 d5 2. c4 e6 3. g3 Nf6 4. Bg2 Bb4+ 5. Bd2 a5 6. Nf3 dxc4 7. Qc2 Bxd2+ 8.
Nbxd2 b5 9. a4 c6 10. O-O O-O 11. b3 cxb3 12. Nxb3 Nd5 13. Rfc1 b4 14. h4 Nc3
15. Ng5 g6 16. Ne4 Nd5 17. e3 Bd7 18. Qc5 Kg7 19. Nd6 Na6 20. Qxa5 Qxa5 21.
Nxa5 Nc3 22. Kh2 Nc7 23. Nb3 N7d5 24. Nc5 Ra7 25. Nde4 Rc8 26. Nxc3 Nxc3 27.
Rc2 Be8 28. Rb2 Rca8 29. Rxb4 Nd5 30. Rb7 Rxb7 31. Nxb7 Kf6 32. Nc5 e5 33. a5
exd4 34. exd4 Ke7 35. a6 Kd6 36. Rb1 Nc7 37. Ne4+ Ke6 38. Rb6 Nd5 39. Rb7 h6
40. a7 f5 41. Nc5+ Kd6 42. Na4 h5 43. Bxd5 cxd5 44. Nb6 Bc6 45. Rg7 Rf8 46.
Rxg6+ Kc7 47. Rxc6+ Kxc6 48. a8=Q+ Rxa8 49. Nxa8 Kb7 50. Kg2 1-0

[Event "15th European Team Championshi"]
[Site "?"]
[Date "2005.08.07"]
[Round "9.12"]
[White "Jelica, Mara"]
[Black "Frisk, Ellinor"]
[Result "1-0"]
[WhiteElo "2191"]
[BlackElo "1991"]
[PlyCount "51"]
[EventDate "2005.07.30"]

1. e4 e6 2. d4 d5 3. Nd2 c5 4. exd5 Qxd5 5. Ngf3 cxd4 6. Bc4 Qd6 7. O-O Nf6 8.
Nb3 Nc6 9. Nbxd4 Nxd4 10. Nxd4 a6 11. a4 Qc7 12. b3 Bd6 13. h3 O-O 14. Bb2 b6
15. Qe2 Kh8 16. Rad1 Bb7 17. Nf3 Qc6 18. Rd4 Ne4 19. Bd3 Nc5 20. Rh4 Nxd3 21.
Qxd3 f5 22. Rc4 Bc5 23. b4 Rad8 24. Qc3 Qd7 25. bxc5 Bd5 26. c6 1-0

[Event "15th European Team Championshi"]
[Site "?"]
[Date "2005.08.07"]
[Round "9.13"]
[White "Kopinits, Anna-Christina"]
[Black "Yildiz, Betul Cemre"]
[Result "0-1"]
[WhiteElo "2124"]
[BlackElo "2155"]
[PlyCount "62"]
[EventDate "2005.07.30"]

1. e4 c5 2. Nf3 e6 3. d4 cxd4 4. Nxd4 a6 5. Be2 Nc6 6. O-O Qc7 7. Be3 Nf6 8.
Nc3 Bb4 9. Nxc6 bxc6 10. Na4 Be7 11. Nb6 Rb8 12. Nxc8 Qxc8 13. e5 Nd5 14. Bc1
Bc5 15. Qd3 O-O 16. c3 Qc7 17. Qg3 f5 18. exf6 Qxg3 19. hxg3 Nxf6 20. b4 Bb6
21. Bf4 Rbe8 22. Bd6 Rf7 23. Bf3 e5 24. c4 Bd4 25. Rab1 e4 26. Be2 e3 27. Rfd1
exf2+ 28. Kf1 Bc3 29. Rdc1 Ne4 30. Bf4 Bd4 31. c5 Rxf4 0-1

[Event "15th European Team Championshi"]
[Site "?"]
[Date "2005.08.07"]
[Round "9.13"]
[White "Bayrak, Asli"]
[Black "Nagy, Laura"]
[Result "1-0"]
[WhiteElo "1967"]
[BlackElo "1933"]
[PlyCount "73"]
[EventDate "2005.07.30"]

1. e4 e5 2. Bc4 Nc6 3. Nf3 Bc5 4. c3 Nf6 5. d3 d6 6. Bb3 h6 7. O-O O-O 8. Re1
Bb6 9. Nbd2 Ng4 10. Re2 Be6 11. h3 Bxb3 12. axb3 Nf6 13. Nc4 Qd7 14. d4 exd4
15. cxd4 d5 16. Nce5 Nxe5 17. dxe5 dxe4 18. Rd2 Qf5 19. exf6 exf3 20. fxg7 Kxg7
21. Rd5 Qe4 22. Ra4 Qe2 23. Bxh6+ Kxh6 24. Qc1+ Be3 25. Rh4+ Kg6 26. Rg4+ Kh6
27. Rh4+ Kg6 28. Rg4+ Kh6 29. Qxe3+ Qxe3 30. fxe3 fxg2 31. Rf5 Rae8 32. Rf6+
Kh7 33. Rf5 Kh6 34. e4 Re6 35. Kxg2 Rd6 36. Kg3 Rd3+ 37. Kh4 1-0